000 00298nam a22001337a 4500
008 170831b xxu||||| |||| 00| 0 eng d
020 _a9780071621366
041 _aeng
080 _a070
100 _a40
101 _aMED
245 _aHOW TO MAKE MONEY WITH YOUTUBE
_cSCHEPP,B
942 _2udc
_cBK
999 _c25841
_d25841